| 000 | 00474nam a2200169Ia 4500 | ||
|---|---|---|---|
| 003 | GCL | ||
| 008 | 140319s9999 xx 000 0 eng d | ||
| 040 |
_aGCL / _cGCL |
||
| 082 | 0 | 4 |
_a778.5344 _bK A |
| 100 | 1 | _aKERNER, MARVIN M. | |
| 245 | 1 | 0 |
_aThe Art of the Souncl Effects Editor / _cKERNER, MARVIN M. |
| 260 |
_a[S.N] : _bFOCAL PRESS ، _c1989 |
||
| 300 | _a107 | ||
| 650 | 0 | 4 | _aMOTION PICTURES - EDITIING |
| 650 | 0 | 4 | _aMOTION PICTURES - SOUND EFFECTS |
| 942 |
_2ddc _cBK |
||
| 999 |
_c17351 _d17351 |
||